00489 2200193 4500001002100000005001500021035002000036008004100056245006300097100002200160250000600182260003600188300001100224084001400235082000800249650001400257990001200271990001200283INLIS00000000000039520240430020010 a0010-0424000371240430 0 ind 1 aSelayang Pandang Kalimantan Tengah /cIr. Nugroho Yuamanto aYuamanto, Nugroho a1 aKlaten :bIntan Pariwara,c2008 a60 hlm a900 NUG s a900 4aNon Fiksi a0728629 a0728630